Lawn guide.

Bibliographic Details
Main Author: Stevenson, Thomas
Format: Book
Language:English
Published: Washington : R.B. Luce, [1965]
Subjects:

MARC

Tag First Indicator Second Indicator Subfields
LEADER 00000cam a2200000 4500
001 in00000021155
005 20151007061004.0
008 750721s1965 dcua 00000 eng u
010 |a  65021872  
035 |a (OCoLC)01461888 
035 |9 AAD0765AM 
040 |c JPL  |d TXA  |d UtOrBLW 
049 |a TXAM  |c [464103] 
050 0 0 |a SB433  |b .S7 
082 0 |a 635.964 
090 |a SB433  |b .S74 
092 |a 635.964  |b S848, 1965 
100 1 |a Stevenson, Thomas. 
245 1 0 |a Lawn guide. 
264 1 |a Washington :  |b R.B. Luce,  |c [1965] 
300 |a 76 pages :  |b illustrations ;  |c 21 cm. 
336 |a text  |b txt  |2 rdacontent 
337 |a unmediated  |b n  |2 rdamedia 
338 |a volume  |b nc  |2 rdacarrier 
650 0 |a Lawns. 
999 |a MARS 
999 f f |s 38288e55-d6b4-30a1-8eb5-bb465167a3db  |i dd57d7ef-ee0f-3620-9f26-60668bb73755  |t 0 
952 f f |p ric  |a Texas A&M University  |b Rellis Campus  |c Joint Library Facility  |d Remote Storage  |t 0  |e SB433 .S74  |h Library of Congress classification  |i unmediated -- volume  |m A14801085458 
998 f f |a SB433 .S74  |t 0  |l Remote Storage